000 00345nam a2200145 i 4500
001 bg
100 1 _aBERGE, Claude
245 0 _aIntroduction a la théorie des hypergraphes /
_cClaude Berge.
260 _aMontreal,
_c1973.
040 _cBPK
041 _apol
080 _a519.17
942 _cKS
008 s pl f |000 0 pol
999 _c18201
_d18201
856 _uhttp://koha.tu.koszalin.pl/cgi-bin/koha/opac-detail.pl?biblionumber=18201
_yKatalog online BPK